000 00678 a2200253 4500
005 20260401112939.0
008 260324b |||||||| |||| 00| 0 eng d
020 _a9788131614372
_cRs. 1195.00
040 _aMAIN
082 _a305.8954
_bT155T
100 _aTandon, Shruti, ed.
245 _aTribals in India: Changing scenario
260 _bRawat Publications
_c2025
_aNew Delhi
300 _a214
440 _aIndian society and culture
650 _aSociology
650 _aSocial Groups
650 _aEthnic
650 _aCaste- Tribal
700 _aNawria, Mahesh, ed.
700 _aSingh, Parul, ed.
700 _aBhargava, Naresh, S, ed.
942 _cBK
999 _c395742
_d395742